Music Quiz

Random Music or Kpop Quiz

Can you name the artists in Spotify's 'K-Pop Daebak'? Quiz Stats

 Plays Quiz not verified by Sporcle

Support Sporcle.
Go Orange.
Score 0/50 Timer 12:00
0 Plays Today
Hint Answer % Correct
ON (feat. Sia)BTS
100%
Black SwanBTS
100%
Boy With Luv (feat. Halsey)BTS
100%
Feel SpecialTWICE
99.7%
FANCYTWICE
99.7%
Kill This LoveBLACKPINK
99.7%
Don't Know What To DoBLACKPINK
99.7%
ICYITZY
99.4%
달라 달라 Dalla DallaITZY
99.4%
PsychoRed Velvet
99.1%
ZimzalabimRed Velvet
99.1%
HIPMamamoo
98.2%
DUN DUNEVERGLOW
97.6%
Bon Bon ChocolatEVERGLOW
97.6%
AdiosEVERGLOW
97.6%
ObsessionEXO
95.7%
SnappingCHUNG HA
94.2%
Mixtape : Gone DaysStray Kids
94.2%
LevanterStray Kids
94.2%
Double KnotStray Kids
94.2%
LION(G)I-DLE
93.9%
JoppingSuperM
92.7%
AnswerATEEZ
92.4%
LALALAY 날라리SUNMI
92.4%
WONDERLANDATEEZ
92.4%
Hint Answer % Correct
WaveATEEZ
92.4%
BIRTHDAYSOMI
91.4%
You Calling My NameGOT7
90.2%
Thumbs UpMOMOLAND
89%
FiestaIZ*ONE
88.7%
9 and Three Quarters (Run Away)TOMORROW X TOGETHER
88.7%
HITSEVENTEEN
86.5%
FLASHX1
85.3%
CrossroadsGFRIEND
85%
FeverGFRIEND
85%
BluemingIU
84.4%
BOOMNCT DREAM
84.4%
+DONE161201+CL
84.4%
Any SongZico
82%
DevilCLC
80.7%
RED MOONKARD
80.4%
2YA2YAOSUPER JUNIOR
78.6%
So WhatLOONA
78%
Blue FlameASTRO
74.9%
DiveiKON
71.6%
SparkTAEYEON
71.6%
WINTER FLOWER(Feat.RM)Younha, RM
39.1%
Dark CloudYounha
39.1%
TOUCHIN'KANG DANIEL
38.2%
ROSE, SCENT, KISSLEE DAE HWI, AB6IX
34.9%

You're not logged in!

Compare scores with friends on all Sporcle quizzes.
OR
Log In

From the Vault

Title Actors by Director

by LTH

Some of these directors are bigger stars than the actors they work with.
Remove Ads.
Support Sporcle.
Get the best of Sporcle when you Go Orange. This ad-free experience offers more features, more stats, and more fun while also helping to support Sporcle. Thank you for becoming a member.

Show Comments

Extras

Top Quizzes Today


Score Distribution

Your Account Isn't Verified!

In order to create a playlist on Sporcle, you need to verify the email address you used during registration. Go to your Sporcle Settings to finish the process.

Report this User

Report this user for behavior that violates our Community Guidelines.

Details: